Biological wastewater treatment / (Record no. 331923)
[ view plain ]
| 000 -LEADER | |
|---|---|
| fixed length control field | 01386cam a2200337 a 4500 |
| 001 - CONTROL NUMBER | |
| control field | 4507956 |
| 003 - CONTROL NUMBER IDENTIFIER | |
| control field | NUST |
| 005 - DATE AND TIME OF LATEST TRANSACTION | |
| control field | 20171102121819.0 |
| 008 - FIXED-LENGTH DATA ELEMENTS--GENERAL INFORMATION | |
| fixed length control field | 980826s1999 nyua b 001 0 eng |
| 010 ## - LIBRARY OF CONGRESS CONTROL NUMBER | |
| LC control number | 98037263 |
| 020 ## - INTERNATIONAL STANDARD BOOK NUMBER | |
| International Standard Book Number | 0824789199 (alk. paper) |
| 040 ## - CATALOGING SOURCE | |
| Original cataloging agency | DLC |
| Transcribing agency | DLC |
| Modifying agency | DLC |
| 050 00 - LIBRARY OF CONGRESS CALL NUMBER | |
| Classification number | TD755 |
| Item number | .G72 1999 |
| 082 00 - DEWEY DECIMAL CLASSIFICATION NUMBER | |
| Classification number | 628.35 LES |
| Edition number | 21 |
| 100 1# - MAIN ENTRY--PERSONAL NAME | |
| Personal name | Grady, C. P. Leslie, |
| Dates associated with a name | 1938- |
| 9 (RLIN) | 5854 |
| 245 10 - TITLE STATEMENT | |
| Title | Biological wastewater treatment / |
| Statement of responsibility, etc. | C.P. Leslie Grady, Jr., Glen T. Daigger, Henry C. Lim. |
| 250 ## - EDITION STATEMENT | |
| Edition statement | 2nd ed. rev. and expanded. |
| 260 ## - PUBLICATION, DISTRIBUTION, ETC. | |
| Place of publication, distribution, etc. | New York : |
| Name of publisher, distributor, etc. | Marcel Dekker, |
| Date of publication, distribution, etc. | c1999. |
| 300 ## - PHYSICAL DESCRIPTION | |
| Extent | xii, 1076 p. : |
| Other physical details | ill. ; |
| Dimensions | 26 cm. |
| 440 #0 - SERIES STATEMENT/ADDED ENTRY--TITLE | |
| Title | Environmental science and pollution control series ; |
| Volume/sequential designation | 19 |
| 9 (RLIN) | 5855 |
| 500 ## - GENERAL NOTE | |
| General note | Authors erroneously listed as editors on t.p. |
| 501 ## - WITH NOTE | |
| With note | H.B |
| 504 ## - BIBLIOGRAPHY, ETC. NOTE | |
| Bibliography, etc. note | Includes bibliographical references and index. |
| 650 #0 - SUBJECT ADDED ENTRY--TOPICAL TERM | |
| Topical term or geographic name entry element | Sewage |
| General subdivision | Purification |
| -- | Biological treatment. |
| 9 (RLIN) | 2606 |
| 700 1# - ADDED ENTRY--PERSONAL NAME | |
| Personal name | Daigger, Glen T. |
| 9 (RLIN) | 5856 |
| 700 1# - ADDED ENTRY--PERSONAL NAME | |
| Personal name | Lim, Henry C., |
| Dates associated with a name | 1935- |
| 9 (RLIN) | 5857 |
| 856 42 - ELECTRONIC LOCATION AND ACCESS | |
| Materials specified | Publisher description |
| Uniform Resource Identifier | <a href="http://www.loc.gov/catdir/enhancements/fy0647/98037263-d.html">http://www.loc.gov/catdir/enhancements/fy0647/98037263-d.html</a> |
| 906 ## - LOCAL DATA ELEMENT F, LDF (RLIN) | |
| a | 7 |
| b | cbu |
| c | orignew |
| d | 1 |
| e | ocip |
| f | 19 |
| g | y-gencatlg |
| 942 ## - ADDED ENTRY ELEMENTS (KOHA) | |
| Source of classification or shelving scheme | |
| Koha item type | Book |
| Call number prefix | IESE |
| Withdrawn status | Lost status | Source of classification or shelving scheme | Damaged status | Not for loan | Collection code | Permanent Location | Current Location | Shelving location | Date acquired | Total Checkouts | Full call number | Barcode | Date last seen | Price effective from | Koha item type |
|---|---|---|---|---|---|---|---|---|---|---|---|---|---|---|---|
| Institute of Environmental Science and Engineering (IESE) | Institute of Environmental Science and Engineering (IESE) | General Stacks | 11/02/2017 | 628.35 LES | IESE-1187 | 11/02/2017 | 11/02/2017 | Book |
